000 nam a22 a 4500
999 _c405278
_d405278
003 BLK
005 20210405055628.0
008 210323b bu |||||r|||| 00| | bu d
040 _aBLK
041 _aBUL
_cBUL
080 _aСемейно право. Наследствено право. - Семейство, женитба, брак, права и задължения на съпрузите, разторгване на брак и др. 347.6
_b347.6
_z347.6
080 _aЕтика на съпружеските отношения. Брак. Развод. Вж и 347.6 173.1
_b173.1
_z173.1
100 _9446467
_aСтрезов, Георги Д.
_eпърви автор
139 _aСтрезов, Георги Д.
245 _aБракоразводните дела пред епархийните духовни съдилища
_bКратък коментар на Закона от 22 април 1897 г. : За прибавление част шеста към екзархийския устав, приспособен в Княжеството, както и за допълнение и изменение някои членове от същия закон
260 _aСофия
_c1898
_f(София : Ив. Г. Говедаров и сие)
_9215574
_bкниж. Д. Голов
300 _c22,5 см
_a112 с.
380 _a3
490 _9435080
_aКолекция Редки и ценни издания
650 0 _9266243
_aГражданско право
653 7 _9195165
_aразводи
852 _aРб 898
_bРц
942 _cKNG
_n0
_s1
944 _aCR
_c2021-04-05
_kРенета Константинова